000 00517nam a2200181Ia 4500
008 100920s9999 xx 000 0 und d
082 _b40739
_a24 0
100 _aतांबोळी लक्ष्मीकांत.
245 _aअंबा.
260 _bयेरकुंटवार स. कृ., नागपूर.
_c0
300 _a76
_bसाधी
365 _b0
520 _aसायो.
630 _aअंबा.
650 _aसायो.
730 _aअंबा.
942 _cBOOK
999 _c691709
_d691706